000 01606nam a2200421 i 4500
001 47082
003 KOSZ 005
005 20200707111610.0
008 200707s1963 -usa f 001 0 eng d
040 _aKOSZ 005
_cKOSZ 005/RW
046 _k1963
080 _a537.8
080 _a621.38
245 0 0 _aMagnetism :
_ba treatise on modern theory and materials.
_nVolume 1,
_pMagnetic ions in insulators, their interactions, resonances and optical properties /
_cedited by George T. Rado, Harry Suhl.
246 3 1 _aMagnetic ions in insulators, their interactions, resonances and optical properties
260 _aNew York ;
_aLondon :
_b Academic Press,
_c1963.
300 _aXV, [1], 688 stron :
_bilustracje ;
_c24 cm.
336 _aTekst
_btxt
_2rdacontent
337 _aBez urządzenia pośredniczącego
_bn
_2rdamedia
338 _aWolumin
_bnc
_2rdacarrier
380 _aKsiążki
380 _aPublikacje naukowe
388 _a1901-2000
388 _a1945-1989
504 _aBibliografia przy rozdziałach. Indeks.
650 7 _aMagnetyzm
650 7 _aMateriały magnetyczne
650 7 _aElektromagnetyzm
650 7 _aZastosowanie i wykorzystanie
655 7 _aPraca zbiorowa
658 _aFizyka i astronomia
658 _aInżynieria i technika
700 1 _aRado, George Tibor
_d(1917- )
_eRedakcja
700 1 _aSuhl, Harry
_d(1922- )
_eRedakcja
710 2 _aAcademic Press
_4pbl
856 _uhttp://koha.tu.koszalin.pl/cgi-bin/koha/opac-detail.pl?biblionumber=47082
_yKatalog online BPK
942 _2UKD
_cKS
999 _c47082
_d47082